000 00881nas a2200289 4500
001 BR9802424
003 BR-BrBNA
005 20231205100737.0
007 ta
008 230509b bl.|||p| |||| 00| 00por d
040 _aBR-BrBNA
_bpor
_cBiblioteca Nacional de Agricultura
041 _a(Pt)
072 _aJ10
100 1 _aLederman, I.E.
100 1 _aBezerra, J.E.F.
100 1 _aAschoff, M.N.A.
100 1 _aRosa, J.M.G.
100 1 _aOliveira, E.N.M. de
245 1 _aEfeito da temperatura de armazenamento na germinacao de sementes de jaca (Artocarpus heterophyllus Lam.)
650 _aJaca
650 _aSemente
650 _aPoder Germinativo
650 _aArmazenamento
773 0 _tRevista Brasileira de Fruticultura (Brazil)
_xISSN 0100-2945
_g(1991), v. 13(1) p. 49-54
_wBR9802424
909 _a202311
_bLúcia
_c55
_dLúcia Elande
942 _2AGRIS
_n0
_cANA
999 _c157812
_d157812